[Event "2BLN 2324 SC Rotation Pankow - SV Glück"]
[Site "?"]
[Date "2024.02.03"]
[Round "5.1"]
[White "Heberla, Bartlomiej"]
[Black "Glek, Igor"]
[Result "1/2-1/2"]
[WhiteElo "2552"]
[BlackElo "2393"]
[PlyCount "107"]
[EventDate "2024.??.??"]

1. e4 e6 2. d4 d5 3. e5 c5 4. c3 Nc6 5. Nf3 Nge7 6. Na3 cxd4 7. cxd4 Nf5 8. Nc2 Bd7 9. Bd3 Qb6 10. O-O a5 11. Kh1 Nb4 12. Nxb4 axb4 13. h4 Bb5 14. h5 h6 15. Bxb5+ Qxb5 16. Bd2 Be7 17. Qb3 g6 18. hxg6 fxg6 19. g4 Ng7 20. Kg2 h5 21. gxh5 gxh5 22. a4 Qb6 23. Qd3 Nf5 24. Rg1 Rg8+ 25. Kh3 Kd7 26. a5 Qa6 27. Qxa6 bxa6 28. Bg5 Nxd4 29. Nxd4 Bxg5 30. Ne2 Rac8 31. f4 Be7 32. Rxg8 Rxg8 33. Rd1 Rg4 34. Rf1 Rg8 35. Rd1 Rc8 36. f5 exf5 37. Rxd5+ Ke8 38. Nd4 Rc5 39. Rxc5 Bxc5 40. Ne6 Be7 41. Kg3 Kd7 42. Nd4 Bc5 43. Nxf5 b3 44. Kf4 h4 45. Nxh4 Bd4 46. Ke4 Bxb2 47. Kd3 Bxe5 48. Nf3 Bf6 49. Nd2 b2 50. Kc2 Kc6 51. Nc4 Kb5 52. Nxb2 Kxa5 53. Kb3 Kb5 54. Nc4 1/2-1/2

[Event "2BLN 2324 SC Rotation Pankow - SV Glück"]
[Site "?"]
[Date "2024.02.03"]
[Round "5.2"]
[White "Szelag, Marcin"]
[Black "Klimkowski, Jan"]
[Result "0-1"]
[WhiteElo "2401"]
[BlackElo "2531"]
[PlyCount "108"]
[EventDate "2024.??.??"]

1. e4 c5 2. Nf3 d6 3. d4 cxd4 4. Nxd4 Nf6 5. Nc3 a6 6. Be3 e5 7. Nb3 Be6 8. f3 Be7 9. Qd2 O-O 10. O-O-O Nbd7 11. g4 b5 12. g5 b4 13. Na4 Nh5 14. Qxb4 d5 15. Qa5 Qxa5 16. Nxa5 d4 17. Bd2 Rfc8 18. Kb1 Rab8 19. Bxa6 Rc7 20. b3 Nc5 21. Nxc5 Rxc5 22. a4 Bd7 23. Nc4 Bxa4 24. Nb2 Be8 25. Bc4 Rc7 26. Bd5 Bb5 27. Rhe1 Kf8 28. h4 Bd6 29. Nd3 Rbc8 30. Bb4 Bxb4 31. Nxb4 Nf4 32. Kb2 Be2 33. Rd2 Bxf3 34. Rf2 Bg4 35. Ra1 Be2 36. Rh2 f5 37. gxf6 gxf6 38. Ra8 Ke7 39. Rxc8 Rxc8 40. Bb7 Rc7 41. Nd5+ Nxd5 42. Bxd5 Bf3 43. Rh3 Rc3 44. Rg3 Kd6 45. Bg8 h5 46. Bc4 Kc5 47. Rg6 Bxe4 48. Rxf6 Rxc2+ 49. Ka3 d3 50. Re6 Rxc4 51. bxc4 d2 52. Rxe5+ Kd4 53. Re8 Bd3 54. Rd8+ Kc3 0-1

[Event "2BLN 2324 SC Rotation Pankow - SV Glück"]
[Site "?"]
[Date "2024.02.03"]
[Round "5.3"]
[White "Kanarek, Marcel"]
[Black "Dauth, Benjamin"]
[Result "1-0"]
[WhiteElo "2496"]
[BlackElo "2217"]
[PlyCount "181"]
[EventDate "2024.??.??"]

1. e4 e5 2. Nf3 Nc6 3. Bb5 Nd4 4. Nxd4 exd4 5. O-O c6 6. Bc4 a5 7. a4 Nf6 8. Qe2 d6 9. c3 Be6 10. Bxe6 fxe6 11. cxd4 d5 12. e5 Ng8 13. Qg4 Kd7 14. d3 Qb6 15. Bg5 h6 16. Be3 Ne7 17. Nc3 h5 18. Qd1 Nf5 19. Ne2 Be7 20. Nf4 Rh6 21. Nxh5 Nxe3 22. fxe3 Rah8 23. Nf4 Rxh2 24. Nh3 R8xh3 25. gxh3 Qxb2 26. Qf3 Kc8 27. Rab1 Qc2 28. Qg3 Re2 29. Rbe1 Rxe1 30. Rxe1 Qxd3 31. Rf1 g5 32. Rf7 Kd8 33. Qf3 Qg6 34. Qf2 g4 35. hxg4 Qxg4+ 36. Kf1 Qd1+ 37. Kg2 Qg4+ 38. Qg3 Qxg3+ 39. Kxg3 b5 40. axb5 cxb5 41. Kf3 a4 42. Ke2 b4 43. Kd3 Kd7 44. Kc2 Kd8 45. Rg7 Kd7 46. Rh7 Ke8 47. Rh8+ Bf8 48. Kb2 Kf7 49. Rh7+ Bg7 50. Rh1 Bf8 51. Ra1 a3+ 52. Kb3 Be7 53. Rc1 Ke8 54. Rc6 Kd7 55. Ra6 Bf8 56. Ra7+ Ke8 57. Ra8+ Kf7 58. Rb8 Be7 59. Rh8 Kg7 60. Rh1 Kg6 61. Rf1 Kg7 62. Rf2 Kg6 63. Rf3 Kg7 64. Rg3+ Kf7 65. Rg1 Ke8 66. Rg6 Kd7 67. Rg8 Kc7 68. Ra8 Kd7 69. Rg8 Kc7 70. Ra8 Kd7 71. Ra6 Bf8 72. Ra7+ Ke8 73. Ra8+ Kf7 74. Rb8 Be7 75. Rh8 Kg7 76. Rh1 Kg6 77. Rc1 Kf5 78. Rf1+ Ke4 79. Rf6 Kxe3 80. Rxe6 Bh4 81. Rh6 Bg5 82. Rg6 Be7 83. Rg7 Bf8 84. Rf7 Bh6 85. e6 Bg5 86. e7 Bxe7 87. Rxe7+ Kxd4 88. Kxb4 a2 89. Ra7 Kd3 90. Rxa2 d4 91. Ra3+ 1-0

[Event "2BLN 2324 SC Rotation Pankow - SV Glück"]
[Site "?"]
[Date "2024.02.03"]
[Round "5.4"]
[White "Neumeier, Lars"]
[Black "Leniart, Arkadiusz"]
[Result "0-1"]
[WhiteElo "2329"]
[BlackElo "2496"]
[PlyCount "72"]
[EventDate "2024.??.??"]

1. d4 Nf6 2. Nf3 d5 3. c4 e6 4. e3 b6 5. Bd3 Bd6 6. b3 O-O 7. O-O Bb7 8. Bb2 Ne4 9. Nc3 a6 10. Qc2 f5 11. cxd5 Nxc3 12. Bxc3 Bxd5 13. Qe2 Nd7 14. Ne5 Bxe5 15. dxe5 Nc5 16. Bc2 Ne4 17. Bb2 Qh4 18. Rad1 a5 19. f3 Ng5 20. Rd4 Qh5 21. Qd1 Qg6 22. Kh1 Nf7 23. g4 Bb7 24. Rf4 Rad8 25. Qe2 Ng5 26. gxf5 exf5 27. Rg1 Qh5 28. Rg3 Ne6 29. Ra4 b5 30. Qxb5 Bxf3+ 31. Kg1 Be4 32. Rd4 Nxd4 33. Bxd4 Bxc2 34. Qc4+ Kh8 35. Qxc2 f4 36. Rg2 fxe3 0-1

[Event "2BLN 2324 SC Rotation Pankow - SV Glück"]
[Site "?"]
[Date "2024.02.03"]
[Round "5.5"]
[White "Pacan-Milej, Kosma"]
[Black "Mueller, Michael"]
[Result "1-0"]
[WhiteElo "2438"]
[BlackElo "2231"]
[PlyCount "101"]
[EventDate "2024.??.??"]

1. d4 Nf6 2. c4 e6 3. Nc3 d5 4. cxd5 exd5 5. Bg5 c6 6. e3 Be7 7. Bd3 Nbd7 8. Qc2 O-O 9. h3 Re8 10. Nf3 Nf8 11. Bf4 Ng6 12. Be5 Bd6 13. Bxd6 Qxd6 14. O-O Qe7 15. Rfe1 Ne4 16. Bxe4 dxe4 17. Nd2 f5 18. Ne2 Be6 19. Rac1 Rad8 20. Qc5 Qf7 21. b3 Bd5 22. Nc4 b6 23. Qa3 b5 24. Na5 f4 25. Nxf4 Nxf4 26. exf4 Qxf4 27. Re3 Rf8 28. Rc2 Rd7 29. Qc5 Rf6 30. a4 bxa4 31. bxa4 Rdf7 32. Rb2 Rf8 33. Qxa7 Qh4 34. Qe7 Qh6 35. Qc5 Qh4 36. Qe7 Qh6 37. Qa3 Qh4 38. Rg3 R6f7 39. Qe3 Ra8 40. Qc3 Qf6 41. Nc4 Rff8 42. Ne5 Ra7 43. Qc5 Rfa8 44. Rb6 Rxa4 45. Qxd5+ cxd5 46. Rxf6 Rxd4 47. Rd6 Rd1+ 48. Kh2 Rd2 49. Rd7 g6 50. Ng4 Rf8 51. Rb3 1-0

[Event "2BLN 2324 SC Rotation Pankow - SV Glück"]
[Site "?"]
[Date "2024.02.03"]
[Round "5.6"]
[White "Seils, Joerg"]
[Black "Sieciechowicz, Marcin"]
[Result "0-1"]
[WhiteElo "2311"]
[BlackElo "2396"]
[PlyCount "108"]
[EventDate "2024.??.??"]

1. e4 e5 2. Nf3 Nc6 3. Nc3 Nf6 4. d4 exd4 5. Nxd4 Bb4 6. Nxc6 bxc6 7. Bd3 O-O 8. O-O d5 9. exd5 Bg4 10. f3 Bh5 11. Bg5 Qd6 12. Kh1 Bxc3 13. bxc3 cxd5 14. Qd2 Bg6 15. Rab1 Rab8 16. Rb3 Bxd3 17. cxd3 Rxb3 18. axb3 Re8 19. Ra1 a6 20. b4 h6 21. Be3 Re6 22. Kg1 Nh5 23. Re1 Qe7 24. Bf2 Rxe1+ 25. Qxe1 Qxe1+ 26. Bxe1 Nf4 27. d4 Nd3 28. Bg3 c6 29. Kf1 Kf8 30. Ke2 Nb2 31. Bd6+ Ke8 32. g4 Nc4 33. Bf4 f6 34. h4 g5 35. Bg3 gxh4 36. Bxh4 Kf7 37. Kf2 Kg6 38. f4 f5 39. g5 hxg5 40. fxg5 Nd6 41. Kf3 Ne4 42. Kf4 Nxc3 43. Be1 Nb5 44. Bf2 Nd6 45. Ke5 Nc4+ 46. Ke6 Kxg5 47. Kd7 Kf4 48. Kxc6 Ke4 49. Be1 f4 50. Kb7 a5 51. bxa5 Nxa5+ 52. Bxa5 f3 53. Be1 Kxd4 54. Kc6 Kc4 0-1

[Event "2BLN 2324 SC Rotation Pankow - SV Glück"]
[Site "?"]
[Date "2024.02.03"]
[Round "5.7"]
[White "Steczek, Marcin"]
[Black "Guth, Thomas"]
[Result "0-1"]
[WhiteElo "2341"]
[BlackElo "2224"]
[PlyCount "80"]
[EventDate "2024.??.??"]

1. Nf3 e6 2. b3 b6 3. Bb2 Bb7 4. e3 d6 5. c4 c5 6. Nc3 Nf6 7. d4 cxd4 8. Qxd4 a6 9. Be2 Nbd7 10. O-O Qc7 11. Rfd1 Be7 12. Rac1 O-O 13. Ng5 Rfd8 14. Bf3 Bxf3 15. Nxf3 Bf8 16. Ng5 Nc5 17. Qh4 h6 18. Nf3 Rac8 19. b4 Ncd7 20. Ne2 Qb7 21. b5 axb5 22. cxb5 e5 23. a4 Nc5 24. Ba3 Nce4 25. Nd2 Rxc1 26. Bxc1 Qd5 27. f3 Qd3 28. fxe4 Qxe2 29. Re1 Qd3 30. Nf3 Rc8 31. Qf2 Nxe4 32. Qf1 Qxf1+ 33. Kxf1 Ra8 34. Bd2 Rxa4 35. Rc1 Ra2 36. Be1 Rb2 37. Rc8 Rxb5 38. Nd2 Nxd2+ 39. Bxd2 f5 40. Ke2 Kf7 0-1

[Event "2BLN 2324 SC Rotation Pankow - SV Glück"]
[Site "?"]
[Date "2024.02.03"]
[Round "5.8"]
[White "Boetzer, Detlef"]
[Black "Maciejczak, Jakub"]
[Result "0-1"]
[WhiteElo "2198"]
[BlackElo "2343"]
[PlyCount "60"]
[EventDate "2024.??.??"]

1. d4 d5 2. Bg5 Nf6 3. Bxf6 gxf6 4. e3 e6 5. c4 dxc4 6. Bxc4 a6 7. Ne2 b5 8. Bb3 Bb7 9. O-O c5 10. Ng3 h5 11. Nxh5 f5 12. Nf4 cxd4 13. Qxd4 Qxd4 14. exd4 Bd6 15. Nh3 Nc6 16. Rd1 Ke7 17. Kf1 Rag8 18. f3 Rh4 19. d5 Nd4 20. Nd2 Bxh2 21. dxe6 fxe6 22. Re1 Bg3 23. Re3 Kf6 24. Rd1 Nxb3 25. Nxb3 Bd5 26. Nd2 Rc8 27. b3 Rc2 28. a3 a5 29. Nb1 Be5 30. Rdd3 a4 0-1

[Event "2BLN 2324 SK Zehlendorf - SF Berlin"]
[Site "?"]
[Date "2024.02.03"]
[Round "5.1"]
[White "Tomczak, Jacek"]
[Black "Baskin, Robert"]
[Result "1-0"]
[WhiteElo "2598"]
[BlackElo "2474"]
[PlyCount "37"]
[EventDate "2024.??.??"]

1. e4 e5 2. Nf3 Nc6 3. Bb5 a6 4. Ba4 Nf6 5. O-O Bc5 6. Nc3 b5 7. Bb3 d6 8. Nd5 h6 9. c3 Ba7 10. d4 Rb8 11. Be3 Ng4 12. dxe5 Nxe3 13. Nxe3 Nxe5 14. Nxe5 dxe5 15. Qh5 Qf6 16. Nd5 Qd6 17. Rad1 c6 18. Nb4 Qf6 19. Nxc6 1-0

[Event "2BLN 2324 SK Zehlendorf - SF Berlin"]
[Site "?"]
[Date "2024.02.03"]
[Round "5.2"]
[White "Lagunow, Raphael"]
[Black "Moranda, Wojciech"]
[Result "1/2-1/2"]
[WhiteElo "2413"]
[BlackElo "2556"]
[PlyCount "60"]
[EventDate "2024.??.??"]

1. d4 Nf6 2. Nf3 d5 3. c4 e6 4. g3 dxc4 5. Bg2 c6 6. O-O b5 7. a4 Bb7 8. Ne5 a6 9. b3 cxb3 10. Bb2 Nbd7 11. Nxc6 Qc7 12. axb5 axb5 13. Rxa8+ Bxa8 14. Qc1 Bd6 15. Nd2 Nb6 16. Na5 Bxg2 17. Kxg2 Na4 18. Ndxb3 Qxc1 19. Rxc1 Kd7 20. Ba1 Rc8 21. Rxc8 Kxc8 22. Kf3 Kc7 23. Nd2 Nd5 24. e4 Nb4 25. d5 f6 26. dxe6 Nc2 27. Nab3 Nxa1 28. Nxa1 Nc5 29. Nab3 Nxe6 30. Ke3 Bb4 1/2-1/2

[Event "2BLN 2324 SK Zehlendorf - SF Berlin"]
[Site "?"]
[Date "2024.02.03"]
[Round "5.3"]
[White "Neiksans, Arturs"]
[Black "Sawlin, Leonid"]
[Result "1-0"]
[WhiteElo "2590"]
[BlackElo "2402"]
[PlyCount "103"]
[EventDate "2024.??.??"]

1. Nf3 d5 2. g3 Nf6 3. Bg2 Nbd7 4. c4 dxc4 5. Na3 Nb6 6. Nxc4 Nxc4 7. Qa4+ c6 8. Qxc4 Qd5 9. b3 g6 10. O-O Bg7 11. Bb2 O-O 12. d4 Qh5 13. Rfe1 Nd7 14. Rad1 Nb6 15. Qc2 Bf5 16. Qc5 Rfe8 17. h3 Be6 18. Qxh5 gxh5 19. Ng5 Bf5 20. e4 Bg6 21. f4 e6 22. g4 hxg4 23. hxg4 Bh6 24. Kf2 f6 25. Nxe6 Rxe6 26. f5 Re7 27. fxg6 hxg6 28. d5 Bg5 29. Kg3 Rh7 30. Rh1 Rxh1 31. Bxh1 Rd8 32. a4 cxd5 33. a5 Nd7 34. Rxd5 Kf7 35. Bd4 Ke6 36. Bxa7 Rh8 37. Bf3 Ne5 38. Rb5 Nd3 39. Rb6+ Ke5 40. Rb5+ Ke6 41. Be2 Bf4+ 42. Kg2 Rh2+ 43. Kf1 Rh1+ 44. Bg1 Ne1 45. Bc4+ Kd6 46. Bd5 Be5 47. Rb6+ Kc7 48. Rxb7+ Kc8 49. a6 Nf3 50. a7 Rxg1+ 51. Kf2 Ra1 52. Kxf3 1-0

[Event "2BLN 2324 SK Zehlendorf - SF Berlin"]
[Site "?"]
[Date "2024.02.03"]
[Round "5.4"]
[White "Brodowski, Piotr"]
[Black "Schmidek, Emil"]
[Result "0-1"]
[WhiteElo "2441"]
[BlackElo "2446"]
[PlyCount "152"]
[EventDate "2024.??.??"]

1. Nf3 d5 2. e3 Nf6 3. c4 e6 4. b3 b6 5. Bb2 Bb7 6. cxd5 exd5 7. Nc3 a6 8. Ne2 c5 9. Ng3 Nc6 10. Be2 d4 11. Qb1 g6 12. O-O Bg7 13. exd4 cxd4 14. Ba3 Qd7 15. Qc2 Rc8 16. Rae1 Kd8 17. Rc1 Re8 18. Qb1 Nd5 19. Rfe1 f5 20. Bb2 Nf4 21. Bf1 Kc7 22. Rxe8 Rxe8 23. b4 Kb8 24. b5 axb5 25. Bxb5 Qd5 26. Ba1 Ne5 27. Qb3 Qxb3 28. axb3 Nxf3+ 29. gxf3 Rc8 30. Re1 Bxf3 31. Bc4 Bf6 32. d3 Kb7 33. Bb2 Ra8 34. Kf1 Bg2+ 35. Kg1 Bf3 36. Kf1 Ra2 37. Rb1 Ra8 38. Bc1 Be5 39. Bxf4 Bxf4 40. Ne2 Be5 41. Re1 Bc6 42. Ng3 Bd6 43. Ne2 Be5 44. Ng3 Bf6 45. f4 b5 46. Bf7 Kc7 47. Re6 Ra1+ 48. Kf2 Bh4 49. Re1 Rxe1 50. Kxe1 Kd6 51. Bg8 Ke7 52. Kf1 Kf8 53. Be6 Ke7 54. Bg8 h6 55. Ne2 Bf6 56. h4 Bxh4 57. Nxd4 Bd7 58. Ke2 Bf6 59. Nc2 Be6 60. Bxe6 Kxe6 61. Na3 b4 62. Nc2 Be7 63. d4 Bd6 64. Kf3 Kd5 65. Ke3 g5 66. fxg5 hxg5 67. Kd3 f4 68. Ne1 Be7 69. Nc2 g4 70. Ne1 g3 71. Ng2 Bg5 72. Ne1 Bh6 73. Nf3 Bg7 74. Ne1 Bxd4 75. Ng2 f3 76. Nh4 g2 0-1

[Event "2BLN 2324 SK Zehlendorf - SF Berlin"]
[Site "?"]
[Date "2024.02.03"]
[Round "5.5"]
[White "Jakubowski, Krzysztof"]
[Black "Stachowiak, Kamil"]
[Result "1/2-1/2"]
[WhiteElo "2467"]
[BlackElo "2424"]
[PlyCount "156"]
[EventDate "2024.??.??"]

1. e4 c5 2. Nf3 Nc6 3. d4 cxd4 4. Nxd4 e6 5. Nc3 Qc7 6. Be2 a6 7. O-O Nf6 8. Be3 Be7 9. f4 d6 10. Qe1 O-O 11. Kh1 Re8 12. Qg3 Bd7 13. e5 Nd5 14. Nf5 g6 15. Nh6+ Kg7 16. f5 Nxe5 17. Nxd5 exd5 18. Bd3 Rf8 19. Ng4 Nxg4 20. Qxg4 Bf6 21. Bd4 Be5 22. f6+ Kh8 23. Qh4 Bxd4 24. Qxd4 Rae8 25. Rae1 Re5 26. Qh4 Qd8 27. g4 Qe8 28. Rxe5 Qxe5 29. Re1 Qf4 30. h3 d4 31. Kg1 Re8 32. Rxe8+ Bxe8 33. Qe1 Bc6 34. Qe7 Qg3+ 35. Kf1 Qxh3+ 36. Ke1 Qg3+ 37. Kd2 Qf4+ 38. Ke1 Qg3+ 39. Kd2 Qf4+ 40. Ke1 Qe5+ 41. Qxe5 dxe5 42. Bc4 h5 43. gxh5 gxh5 44. Bxf7 h4 45. Be6 Be4 46. c4 dxc3 47. bxc3 Kh7 48. Kf2 Kg6 49. f7 Kg7 50. Kg1 Bg6 51. Bc8 b6 52. Kg2 Bxf7 53. Kh3 a5 54. a3 Kf6 55. Kxh4 e4 56. Kg3 Ke5 57. Ba6 Bh5 58. Kf2 Kf4 59. Bb5 e3+ 60. Ke1 Ke4 61. Kf1 Kd5 62. Ke1 Kc5 63. Bd3 Bf3 64. Kf1 Kd5 65. Ke1 Ke5 66. Bb5 Kf4 67. Kf1 Bg4 68. Ke1 Ke4 69. Kf1 Kd5 70. Ke1 Kc5 71. Bd3 Bh5 72. Kf1 Kd5 73. Ke1 Ke5 74. Bb5 Ke4 75. Kf1 Kd5 76. Ke1 e2 77. Kd2 Ke5 78. Bd3 Bf3 1/2-1/2

[Event "2BLN 2324 SK Zehlendorf - SF Berlin"]
[Site "?"]
[Date "2024.02.03"]
[Round "5.6"]
[White "Luch, Michal"]
[Black "Seyb, Alexander"]
[Result "1/2-1/2"]
[WhiteElo "2334"]
[BlackElo "2437"]
[PlyCount "41"]
[EventDate "2024.??.??"]

1. d4 Nf6 2. c4 g6 3. g3 c5 4. Nf3 Bg7 5. Bg2 O-O 6. Nc3 cxd4 7. Nxd4 Qc7 8. Nd5 Nxd5 9. cxd5 Qb6 10. e3 d6 11. O-O Bd7 12. b3 a5 13. Bb2 a4 14. Bc3 Na6 15. bxa4 Nc5 16. a5 Qa6 17. Rb1 Bf5 18. Nxf5 Bxc3 19. Nd4 Bxa5 20. Nb5 Bb6 21. a3 1/2-1/2

[Event "2BLN 2324 SK Zehlendorf - SF Berlin"]
[Site "?"]
[Date "2024.02.03"]
[Round "5.7"]
[White "Poltorak, Sebastian"]
[Black "Meister, Jakob"]
[Result "1-0"]
[WhiteElo "2379"]
[BlackElo "2422"]
[PlyCount "71"]
[EventDate "2024.??.??"]

1. e4 e5 2. Nc3 Nf6 3. d4 Bb4 4. dxe5 Nxe4 5. Qg4 d5 6. Qxg7 Rf8 7. Bd3 Qh4 8. g3 Qh5 9. Bxe4 dxe4 10. Qg5 Qxg5 11. Bxg5 Nc6 12. Bf6 Bxc3+ 13. bxc3 Be6 14. O-O-O Ne7 15. Kb2 Nd5 16. Ne2 b5 17. Rd4 c5 18. Rxe4 Kd7 19. Rd1 Kc6 20. Nf4 Rfe8 21. Nxd5 Bxd5 22. Rh4 a5 23. Rxh7 b4 24. Rh4 bxc3+ 25. Kxc3 Bxa2 26. Rd6+ Kc7 27. Ra4 Be6 28. h4 Reb8 29. h5 Rb4 30. Rxa5 Rxa5 31. Bd8+ Kb7 32. Bxa5 Rb1 33. Bd8 Rf1 34. Rxe6 fxe6 35. h6 Rxf2 36. h7 1-0

[Event "2BLN 2324 SK Zehlendorf - SF Berlin"]
[Site "?"]
[Date "2024.02.03"]
[Round "5.8"]
[White "Lagunow, Alexander"]
[Black "Thiede, Lars"]
[Result "1/2-1/2"]
[WhiteElo "2345"]
[BlackElo "2396"]
[PlyCount "38"]
[EventDate "2024.??.??"]

1. d4 d6 2. c4 Nf6 3. Nc3 g6 4. e4 Bg7 5. Nf3 O-O 6. Be2 Na6 7. O-O e5 8. Be3 c6 9. a3 exd4 10. Bxd4 Re8 11. Bd3 Nc5 12. Re1 Bg4 13. Bc2 Ne6 14. Be3 h6 15. h3 Bxf3 16. Qxf3 Ng5 17. Qf4 Nh5 18. Qg4 Nf6 19. Qf4 Nh5 1/2-1/2

[Event "2BLN 2324 SG AE Magdeburg - Lübecker SV"]
[Site "?"]
[Date "2024.02.04"]
[Round "6.1"]
[White "Kalinitschew, Sergey"]
[Black "Degtiarev, Evgeny"]
[Result "0-1"]
[WhiteElo "2391"]
[BlackElo "2381"]
[PlyCount "74"]
[EventDate "2024.??.??"]

1. c4 Nf6 2. Nc3 e5 3. g3 Nc6 4. Bg2 Bc5 5. a3 a5 6. e3 O-O 7. Nge2 Re8 8. O-O Bf8 9. b3 d6 10. Bb2 Nb8 11. h3 c6 12. d4 Nbd7 13. Qc2 Qc7 14. Rad1 Rb8 15. d5 cxd5 16. Nxd5 Nxd5 17. Rxd5 b5 18. Bc3 Bb7 19. Rxb5 Bxg2 20. Kxg2 Rxb5 21. cxb5 Qb7+ 22. Kg1 Qxb5 23. Rb1 Nf6 24. a4 Qc5 25. Qd1 d5 26. Rc1 Qb6 27. Ba1 h5 28. Nc3 Qe6 29. Kh2 h4 30. Nb5 hxg3+ 31. fxg3 Qf5 32. Qe2 d4 33. Re1 Rc8 34. e4 Nxe4 35. Rf1 Qg6 36. Rg1 Ng5 37. Rg2 Qf5 0-1

[Event "2BLN 2324 SG AE Magdeburg - Lübecker SV"]
[Site "?"]
[Date "2024.02.04"]
[Round "6.2"]
[White "Malek, Daniel"]
[Black "Waldhausen Gordon, Frederick"]
[Result "1/2-1/2"]
[WhiteElo "2291"]
[BlackElo "2365"]
[PlyCount "219"]
[EventDate "2024.??.??"]

1. e4 c5 2. Nf3 Nc6 3. Bb5 g6 4. O-O Bg7 5. Re1 e5 6. Bxc6 dxc6 7. d3 Qc7 8. a4 a5 9. Be3 b6 10. Nbd2 Nf6 11. Nc4 Nd7 12. c3 Ba6 13. Nfd2 O-O 14. Rf1 Rfd8 15. Qc2 Nf8 16. b4 Ne6 17. bxa5 bxa5 18. Rfd1 Rab8 19. g3 Bf8 20. Nb3 Rxd3 21. Rxd3 Bxc4 22. Nd2 Bxd3 23. Qxd3 Be7 24. h4 h5 25. Rb1 Bd8 26. Rxb8 Qxb8 27. Qd7 Qc7 28. Qe8+ Kh7 29. Nc4 Bf6 30. Nxa5 Qxa5 31. Qxf7+ Bg7 32. Qxe6 Qxa4 33. c4 Qd1+ 34. Kg2 Qd3 35. Qxc6 Qxc4 36. Bxc5 Qf7 37. Qd5 Qf6 38. Qd7 Kh8 39. Be7 Qf7 40. Qc8+ Kh7 41. Bd6 Qf6 42. Qd7 Kh8 43. Qc8+ Kh7 44. Bb4 Qf7 45. Qc2 Bf6 46. Bc3 Qc4 47. Kf3 Bg7 48. Qd2 Qf7+ 49. Kg2 Qc4 50. Qe3 Bh6 51. Qe1 Bg7 52. Bb2 Kg8 53. Kf3 Qf7+ 54. Kg2 Qc4 55. Qe3 Kh7 56. Kf3 Qf7+ 57. Ke2 Qd7 58. Qd3 Qg4+ 59. Kf1 Qh3+ 60. Kg1 Qe6 61. Qd5 Qe7 62. Kg2 Qc7 63. Ba3 Qc8 64. Bd6 Qd7 65. Bb8 Qe8 66. Bc7 Qe7 67. Qc6 Qf7 68. Bd6 Qe6 69. Qc7 Kg8 70. Bb4 Qb3 71. Qc3 Qe6 72. Qd3 Kf7 73. Bc3 Bf8 74. Qb5 Bd6 75. Kf3 Ke7 76. Qb7+ Qd7 77. Qxd7+ Kxd7 78. Ke2 Ke6 79. Bd2 Bc5 80. Be3 Ba3 81. Kd3 Bb4 82. Kc4 Be7 83. Kb5 Ba3 84. Kc6 Bb4 85. Bc5 Bc3 86. Be3 Bb4 87. Kc7 Ba3 88. Kd8 Bb4 89. Ke8 Be7 90. Bg5 Bc5 91. f3 Bb4 92. g4 Bc5 93. Bh6 Be7 94. gxh5 gxh5 95. Bg5 Bc5 96. Bd8 Bd6 97. Bg5 Bc5 98. Kd8 Bb6+ 99. Kc8 Kd6 100. Kb7 Bf2 101. Kc8 Bb6 102. Bf6 Bc5 103. Kd8 Ke6 104. Bg5 Bb6+ 105. Ke8 Bc5 106. Bd8 Bb4 107. Bg5 Bc5 108. Bd8 Bb4 109. Bg5 Bc5 110. Bd8 1/2-1/2

[Event "2BLN 2324 SG AE Magdeburg - Lübecker SV"]
[Site "?"]
[Date "2024.02.04"]
[Round "6.3"]
[White "Krause, Ullrich"]
[Black "Andre, Gordon"]
[Result "1-0"]
[WhiteElo "2189"]
[BlackElo "2317"]
[PlyCount "49"]
[EventDate "2024.??.??"]

1. Nf3 d5 2. g3 Nf6 3. Bg2 e6 4. O-O Be7 5. d3 c5 6. Nbd2 Nc6 7. e4 b6 8. Re1 Bb7 9. Qe2 Qc7 10. Nf1 dxe4 11. dxe4 O-O-O 12. c3 h6 13. Bf4 e5 14. Bd2 Qd7 15. Qc4 Rhf8 16. b4 a6 17. a4 Kb8 18. b5 Na5 19. Qa2 axb5 20. Nxe5 Qe6 21. Qxe6 fxe6 22. axb5 Nb3 23. Bf4 Nxa1 24. Nd7+ Kc8 25. Nxb6# 1-0

[Event "2BLN 2324 SG AE Magdeburg - Lübecker SV"]
[Site "?"]
[Date "2024.02.04"]
[Round "6.4"]
[White "Armbrust, Florian"]
[Black "Lampe, Dirk"]
[Result "1-0"]
[WhiteElo "2271"]
[BlackElo "2156"]
[PlyCount "51"]
[EventDate "2024.??.??"]

1. e4 c5 2. Nc3 g6 3. Bc4 Bg7 4. Qf3 e6 5. Nb5 d6 6. Qg3 Ke7 7. a3 Nc6 8. Nf3 a6 9. Nc3 Nd4 10. Nxd4 cxd4 11. Ne2 b5 12. Bb3 e5 13. O-O Be6 14. f4 f6 15. Bxe6 Kxe6 16. c3 dxc3 17. d4 Ne7 18. fxe5 dxe5 19. dxe5 f5 20. Nf4+ Kf7 21. Qxc3 Rc8 22. Qb3+ Rc4 23. e6+ Ke8 24. Be3 Rxe4 25. Rad1 Bd4 26. Rxd4 1-0

[Event "2BLN 2324 SG AE Magdeburg - Lübecker SV"]
[Site "?"]
[Date "2024.02.04"]
[Round "6.5"]
[White "Malinowsky, Levi"]
[Black "Woellermann, Jan"]
[Result "0-1"]
[WhiteElo "1951"]
[BlackElo "2352"]
[PlyCount "90"]
[EventDate "2024.??.??"]

1. e4 e5 2. Nf3 Nc6 3. Bb5 a6 4. Ba4 Nf6 5. O-O Be7 6. Re1 b5 7. Bb3 d6 8. c3 O-O 9. h3 Na5 10. Bc2 c5 11. d4 Nd7 12. Nbd2 exd4 13. cxd4 Nc6 14. d5 Nce5 15. Nxe5 Nxe5 16. f4 Ng6 17. Nf3 Bh4 18. Nxh4 Qxh4 19. Rf1 Bxh3 20. gxh3 Qg3+ 21. Kh1 Qxh3+ 22. Kg1 Qg3+ 23. Kh1 Nh4 24. Qe2 Qh3+ 25. Kg1 Qg3+ 26. Kh1 Qh3+ 27. Kg1 f5 28. e5 Qg3+ 29. Kh1 Qh3+ 30. Kg1 Rae8 31. Rf2 Rf6 32. exf6 Rxe2 33. Rxe2 Nf3+ 34. Kf2 Nd4 35. Ke1 Qh1+ 36. Kd2 Qxd5 37. Ke1 Qh1+ 38. Kd2 gxf6 39. b3 Qf3 40. Bd3 Qxf4+ 41. Kd1 Qf3 42. Kd2 Nxe2 43. Bxe2 Qf4+ 44. Kc2 Qf2 45. Kd1 Qd4+ 0-1

[Event "2BLN 2324 SG AE Magdeburg - Lübecker SV"]
[Site "?"]
[Date "2024.02.04"]
[Round "6.6"]
[White "Schoene, Maria"]
[Black "Sommer, Justus"]
[Result "0-1"]
[WhiteElo "2182"]
[BlackElo "2155"]
[PlyCount "84"]
[EventDate "2024.??.??"]

1. e4 e5 2. Nf3 Nc6 3. Bb5 a6 4. Ba4 Nf6 5. d3 d6 6. a3 g6 7. O-O Bg7 8. Nc3 O-O 9. h3 Be6 10. Ng5 Bd7 11. Bb3 Nd4 12. Ba2 c6 13. Be3 h6 14. Nf3 Nxf3+ 15. Qxf3 Be6 16. Bxe6 fxe6 17. Rad1 d5 18. Bc5 Rf7 19. Qg3 b6 20. Be3 d4 21. Qxg6 dxe3 22. fxe3 Qe7 23. Ne2 Raf8 24. d4 Nd7 25. Ng3 Rxf1+ 26. Rxf1 Rxf1+ 27. Nxf1 Nf8 28. Qg4 Qg5 29. Qd1 exd4 30. exd4 Ng6 31. c3 Nf4 32. Qf3 e5 33. g3 Ne6 34. d5 cxd5 35. exd5 Nc5 36. Qe2 e4 37. b4 Na4 38. Qxe4 Nxc3 39. Qe6+ Kh7 40. d6 Qf6 41. Qe7 Qd4+ 42. Ne3 Nd5 0-1

[Event "2BLN 2324 SG AE Magdeburg - Lübecker SV"]
[Site "?"]
[Date "2024.02.04"]
[Round "6.7"]
[White "Christ, Ralf"]
[Black "Lippert, Daniel"]
[Result "1/2-1/2"]
[WhiteElo "2235"]
[BlackElo "2083"]
[PlyCount "47"]
[EventDate "2024.??.??"]

1. Nf3 d5 2. d4 Nf6 3. c4 c6 4. e3 e6 5. Bd3 Nbd7 6. O-O Bd6 7. Nbd2 O-O 8. e4 dxe4 9. Nxe4 Nxe4 10. Bxe4 h6 11. b3 e5 12. Bb2 f5 13. Bc2 e4 14. Ne1 Nf6 15. f4 Be6 16. g3 Bf7 17. Ng2 Bh5 18. Qd2 Qe7 19. Ne3 Ng4 20. Rae1 Rad8 21. Bd1 Bb4 22. Bc3 Bxc3 23. Qxc3 Nxe3 24. Qxe3 1/2-1/2

[Event "2BLN 2324 SG AE Magdeburg - Lübecker SV"]
[Site "?"]
[Date "2024.02.04"]
[Round "6.8"]
[White "Udelnov, Valentin"]
[Black "Engel, Bruno"]
[Result "1/2-1/2"]
[WhiteElo "2074"]
[BlackElo "1992"]
[PlyCount "46"]
[EventDate "2024.??.??"]

1. e4 c5 2. Nf3 e6 3. d4 cxd4 4. Nxd4 Nf6 5. Nc3 Nc6 6. Nxc6 bxc6 7. e5 Nd5 8. Ne4 Qc7 9. f4 Qb6 10. c4 Bb4+ 11. Ke2 f5 12. Nf2 Ba6 13. Kf3 Ne7 14. Qa4 Ng6 15. h4 Be7 16. h5 Nh4+ 17. Kg3 g5 18. fxg5 f4+ 19. Bxf4 Nf5+ 20. Kf3 Nd4+ 21. Kg3 Nf5+ 22. Kf3 Nd4+ 23. Kg3 Nf5+ 1/2-1/2